| 000 | 00433nam a2200169Ia 4500 | ||
|---|---|---|---|
| 008 | 230718s9999 xx 000 0 und d | ||
| 020 | _a9789351108740 | ||
| 041 | _aeng | ||
| 082 |
_a005.13'3 _bGAR |
||
| 100 | _aGarnaat M. | ||
| 245 | _aPython And AWS Cookbook | ||
| 260 |
_c2014 _bSPD/O'Reilly |
||
| 300 | _a62 | ||
| 365 |
_cRs. _b200.00 |
||
| 700 | _aGarnaat M. | ||
| 906 |
_dO:0486120-Jan-2016B:SE/SI/247513-Oct-2015 _cIT _b250 |
||
| 999 |
_c341224 _d341224 |
||